000 00471nam a2200181Ia 4500
001 12430
005 20260306162941.0
008 260306t2020||||xx |||||||||||||| ||spa||
041 _aESP
082 _aHR 346
_bSET 2020 ACI
110 _aInstituto Pacífico
245 0 _aActualidad civil :
_bcivil - procesal civil - registral - inmobiliario
260 _c2020
300 _a412 páginas :
_c25 cm.
650 _aGEN
654 _aCDE
942 _cREV
_dJUS
_fJUS
_2ddc
_n
999 _c12430
_d12430